| 000 | 00976cab a2200337 4500 | ||
|---|---|---|---|
| 001 | ABS52462 | ||
| 008 | 090401t1995 xxu||||| |||| 00| 0 eng d | ||
| 035 | _a(Sirsi) u79721 | ||
| 041 | _aeng | ||
| 245 | _aEstates Times survey: London West End | ||
| 260 | _c1995 | ||
| 350 | _a0 | ||
| 490 |
_aEstates Times _v(1271) 17 March 1995, 9-20(11) |
||
| 650 | _aCROSSRAIL | ||
| 650 | _aFINANCIAL SERVICES | ||
| 650 | _aKNIGHTSBRIDGE | ||
| 650 | _aMAYFAIR | ||
| 650 | _aMEDIA INDUSTRY | ||
| 650 | _aNORTH OF OXFORD STREET | ||
| 650 | _aPROPERTY-COMMERCIAL PROPERTY-OFFICE PROPERTY-OFFICE PROPERTY MARKET | ||
| 650 | _aOXFORD STREET | ||
| 650 | _aPADDINGTON | ||
| 650 | _aPRE-LETTING | ||
| 650 | _aPROPERTY-COMMERCIAL PROPERTY-RETAIL PROPERTY-RETAIL PROPERTY MARKET | ||
| 650 | _aST JAMESS | ||
| 650 | _aVICTORIA | ||
| 650 | _aWEST END OF LONDON | ||
| 690 | _aPROPERTY-COMMERCIAL PROPERTY-COMMERCIAL PROPERTY MARKET | ||
| 942 | _n0 | ||
| 948 | _c04/03/1997 | ||
| 999 |
_c50148 _d50148 |
||